000 00628nam a2200157 a 4500
008 060424s1990 ||||||||||||||||| || u
020 _a0962570486
050 _aHF 5429 War
100 _aWardell, Paula
245 1 0 _aSuccessful retailing : your step-by-step guide to avoiding pitfalls and finding profit as an independent retailer
260 _aKansas City :
_bRetail Strategies and publishing
_c1990
300 _a135 p.
350 _a0.00
650 _aRETAIL TRADE
995 _D0.00
_FCBU-MAIN LIBRARY (Kitwe)
_H1
_I24.95
_UAVAILABLE
_ZMain Library Open Access Collection
999 _c59057
_d59057